000
00273nam a22001097a 4500
082
_a
811.214.21
_b
SAS
100
_a
SASIKUMAR, J
245
_a
Let us learn Hindi (Swayam prasikshan kit) (Hindi)
260
_a
Hyderabad
_b
Gita Prakashan
_c
2015
300
_a
167p.
942
_c
BK
999
_c
74979
_d
74979